000 00566nam a2200193Ia 4500
005 20260120124603.0
008 008 260114s9999 xx 000 0 eng d
020 _a9781849509480
037 _aEBOOK
040 _aCRL
_beng
_cCRL
041 _aeng
_2eng
084 _qCRL
245 0 _aStrategic Human Resource Management in Health Care
260 _bEmerald Publishing
_c2010
700 _aGrant T. Savage
_9908087
856 _uhttps://www.emerald.com/insight/publication/doi/10.1108/S1474-8231(2010)9
942 _cEBOOK
999 _c1499976
_d1499976